La Province Lunaire
保存先:
| 第一著者: | |
|---|---|
| フォーマット: | 図書 |
| 言語: | Undetermined |
| 出版事項: |
Quebec, Canadá
Hurtubise HMH
1981
|
| 主題: | |
| タグ: |
タグ追加
タグなし, このレコードへの初めてのタグを付けませんか!
|
MARC
| LEADER | 00000nam a2200000Ia 4500 | ||
|---|---|---|---|
| 008 | 170316s9999 xx 000 0 und d | ||
| 040 | |a cru BVZT | ||
| 090 | |a 818 C-8p | ||
| 100 | |a Chabot, Denys | ||
| 245 | |a La Province Lunaire | ||
| 260 | |a Quebec, Canadá | ||
| 260 | |b Hurtubise HMH | ||
| 260 | |c 1981 | ||
| 300 | |a 273 páginas | ||
| 650 | |a LITERATURA CANADIENSE | ||
| 999 | |c 6401 |d 6401 | ||
| 942 | |c 15 D |h 818 C-8p |2 z | ||
